Jugadores Míticos Alemania - Estadísticas

Estadísticas generales
  • Esta prueba ha sido intentada 56 veces
  • La puntuación promedio es 15 de 20
Estadísticas de respuestas
Imagen Respuesta % Correcto
Kroos
100%
Neuer
100%
Ozil
100%
Klose
98%
Thomas Muller
98%
Kahn
93%
Beckenbauer
91%
Gotze
91%
Gerd Muller
89%
Reus
89%
Lahm
87%
Mario Gomez
78%
Schweinsteiger
78%
Matthaus
76%
Voller
63%
Sammer
43%
Klinsmann
41%
Rummenigge
33%
Brehme
22%
Seeler
17%
No se encontraron pruebas coincidentes
Distribución de puntuación
Porcentaje de gente con cada puntuación
Porcentaje por número respondido
Historial de tus puntuaciones
No has intentado esta prueba.